| 000 | 00962nam a2200277Ia 4500 | ||
|---|---|---|---|
| 001 | 4245 | ||
| 005 | 20260216232720.0 | ||
| 008 | 160601s2005 ck a 000 0 spa | ||
| 020 | _a958040996X | ||
| 020 | _a9789580409960 | ||
| 040 |
_aCO-BoRNBP _bspa _erda _cCO-BoRNBP |
||
| 084 | _aN MEL1 | ||
| 100 | 1 |
_aMelville, Herman _d1819-1891 _92632 |
|
| 245 | 1 | 0 |
_aBartleby _cHerman Melville ; traducido por Javier Escobar Isaza |
| 250 |
_a1a edición _b1a. reipresión |
||
| 264 |
_aBogotá _bNorma _c2005 |
||
| 336 |
_atexto _btxt _2rdacontent |
||
| 337 |
_asin mediación _bn _2rdamedia |
||
| 338 |
_avolumen _bnc _2rdacarrier |
||
| 650 | 1 | 4 |
_2LEMB _aNovela juvenil estadounidense _ySiglo XIX _9538 |
| 650 | 1 | 4 |
_2LEMB _aLiteratura juvenil estadounidense _ySiglo XIX _9539 |
| 650 | 1 | 4 |
_2LEMB _aJóvenes en la literatura _92096 |
| 650 | 1 | 4 |
_2LEMB _aNegocios en la literatura _968849 |
| 700 | 1 |
_aEscobar Isaza, Javier _d1938- _etraductor _968850 |
|
| 942 |
_2loc _cBKLIT |
||
| 999 |
_c4245 _d4245 |
||